000
00329nam a2200133Ia 4500
008
240703s9999 xx 000 0 und d
041
_a
eng
100
_a
Alexandra Blanchard
245
_a
Wonder Women
260
_b
C Hurst & Co Publishers Ltd
_c
2022
365
_c
RS.
_b
1,795.00
906
_b
27.5
999
_c
40871
_d
40871